Planning the university library building : (Record no. 133709)

MARC details
000 -LEADER
fixed length control field 00862nam a22002537a 4500
005 - DATE AND TIME OF LATEST TRANSACTION
control field 20170124110214.0
010 ## - LIBRARY OF CONGRESS CONTROL NUMBER
LC control number 004623
020 ## - INTERNATIONAL STANDARD BOOK NUMBER
Terms of availability 00.00
035 ## - SYSTEM CONTROL NUMBER
System control number 004623
037 ## - SOURCE OF ACQUISITION
Source of stock number/acquisition Cen Lib/Ret
040 ## - CATALOGING SOURCE
Original cataloging agency DPL
Language of cataloging EN
082 ## - DEWEY DECIMAL CLASSIFICATION NUMBER
Classification number 022
Item number PLA
245 ## - TITLE STATEMENT
Title Planning the university library building :
Statement of responsibility, etc edited by John E. Burchard, Charles W. David [and] Julian P. Boyd
Remainder of title a summary of discussions by librarians, architects, and engineers, /
260 ## - PUBLICATION, DISTRIBUTION, ETC. (IMPRINT)
Place of publication, distribution, etc New Jersey
Name of publisher, distributor, etc Princeton University Press
Date of publication, distribution, etc 1949
270 ## - ADDRESS
Address New Jersey
City New Jersey
300 ## - PHYSICAL DESCRIPTION
Extent xvii,145p.
Dimensions 21cm(Hb)
500 ## - GENERAL NOTE
General note Includes index
650 ## - SUBJECT ADDED ENTRY--TOPICAL TERM
Topical term or geographic name as entry element Academic libraries
9 (RLIN) 2640
650 ## - SUBJECT ADDED ENTRY--TOPICAL TERM
Topical term or geographic name as entry element Library architecture
9 (RLIN) 38709
700 ## - ADDED ENTRY--PERSONAL NAME
Personal name Burchard, John E.
9 (RLIN) 105192
700 ## - ADDED ENTRY--PERSONAL NAME
Personal name David, Charles W.
9 (RLIN) 38710
700 ## - ADDED ENTRY--PERSONAL NAME
Personal name Boyd, Julian P.
9 (RLIN) 38711
942 ## - ADDED ENTRY ELEMENTS (KOHA)
Source of classification or shelving scheme Dewey Decimal Classification
Koha item type English Books
Classification part 022
Call number suffix PLA
Holdings
Withdrawn status Lost status Damaged status Not for loan Collection code Home library Current library Date acquired Source of acquisition Cost, normal purchase price Total Checkouts Full call number Barcode Date last seen Copy number Cost, replacement price Price effective from Koha item type
      Not For Loan Reference Central Library Central Library 27/07/2015 Cen Lib/Ret 0.00   022 PLA 004623 27/07/2015 1 0.00 27/07/2015 English Books

© Delhi Public Library
Hit Counter
free hit counter